| 000 | 00727nam a22002537a 4500 | ||
|---|---|---|---|
| 003 | OSt | ||
| 005 | 20260326113429.0 | ||
| 008 | 260326b |||||||| |||| 00| 0 eng d | ||
| 020 | _a9798891617155 | ||
| 040 | _cHS LRC | ||
| 050 |
_aRA 1063.4 _b.H848 2025 |
||
| 100 |
_aHoward, Vincent _9131478 |
||
| 245 |
_aForensic pathology / _cVincent Howard |
||
| 260 |
_aJersey City : _bAlexis Paper Backs, _cc2025. |
||
| 265 | _aFES | ||
| 300 |
_ax, 308 pages : _billustrations ; _c27 cm. |
||
| 365 | _b5,593.00 | ||
| 504 | _aIncludes bibliography and index. | ||
| 650 |
_aForensic pathology _942356 |
||
| 650 |
_aAutopsy methods _9131479 |
||
| 650 |
_aForensic medicine _9103248 |
||
| 650 |
_aPathology _963657 |
||
| 942 |
_2lcc _cBK |
||
| 999 |
_c94020 _d94020 |
||